| 000 | 00444cam a2200181ua 4500 | ||
|---|---|---|---|
| 001 | 10606 | ||
| 008 | 190320n ii |||gr||||Z||||||eng | ||
| 020 | _a9789352550845 | ||
| 040 | _cMAIN | ||
| 082 | _a330.954 | ||
| 100 |
_aDebes Mukherjee, _eAuthor. |
||
| 245 |
_aIndian economy _bsince independence |
||
| 250 | _a1st rev rep. | ||
| 260 |
_aKolkata: _bnew central book agency, _c2018. |
||
| 300 | _a666p. | ||
| 653 | _aEconomics | ||
| 942 | _cBK | ||
| 999 |
_c9578 _d9578 |
||